Biggest Cities in Greece - Statistics

General Stats
  • This quiz has been taken 69 times
  • The average score is 9 of 20
Answer Stats
Population City % Correct
3,090,508 Athens
100%
789,191 Thessaloniki
92%
185,180 Heraklion
68%
213,984 Patras
65%
49,541 Rhodes
58%
144,651 Larissa
56%
89,061 Ioannina
53%
120,733 Volos
52%
54,100 Kalamata
47%
53,910 Chania
45%
57,812 Alexandroupoli
42%
52,006 Lamia
39%
56,122 Xanthi
39%
54,027 Kavala
37%
58,287 Serres
31%
61,653 Trikala
31%
59,125 Chalcis
26%
50,990 Komotini
24%
53,433 Agrinio
23%
55,997 Katerini
18%
No matching quizzes found
Score Distribution
Percent of People with Each Score
Percentile by Number Answered
Your Score History
You have not taken this quiz